| Tag |
First Indicator |
Second Indicator |
Subfields |
| LEADER |
00000nam a2200000Ia 4500 |
| 001 |
in00004242011 |
| 005 |
20200807091701.0 |
| 006 |
m g d |
| 007 |
cr bn |||a|bb| |
| 008 |
840124s1669 enk o 00| | eng d |
| 035 |
|
|
|a (OCoLC)10333956
|
| 040 |
|
|
|a UMI
|c UMI
|d WaOLN
|
| 037 |
|
|
|a CL0037000047
|b ProQuest Information and Learning. 300 N. Zeeb Rd., Ann Arbor, MI 48106
|
| 049 |
|
|
|a UMIA
|
| 090 |
|
|
|a BV4831
|b .F85 1669
|
| 100 |
1 |
|
|a Fuller, Thomas,
|d 1608-1661.
|
| 245 |
1 |
0 |
|a Good thoughts in bad times ; together with, Good thoughts in worse times :
|b consisting of personal meditations, Scripture observations, historical applications, mixt contemplations, meditations on the times, meditations on all kind of prayers, occasional meditations /
|c by Thomas Fuller.
|
| 260 |
|
|
|a London :
|b Printed by J.R. for John Willams,
|c 1669.
|
| 300 |
|
|
|a 1 online resource ([4], 86, [12], 112 pages)
|
| 336 |
|
|
|a text
|b txt
|2 rdacontent
|
| 337 |
|
|
|a computer
|b c
|2 rdamedia
|
| 338 |
|
|
|a online resource
|b cr
|2 rdacarrier
|
| 500 |
|
|
|a "Good thoughts in worse times" has special t.p. and separate pagination.
|
| 500 |
|
|
|a Reproduction of original in the Harvard University Library.
|
| 510 |
4 |
|
|a Wing
|c F2434.
|
| 533 |
|
|
|a Electronic reproduction.
|b Ann Arbor, Mich. :
|c UMI,
|d 1999-
|f (Early English books online)
|n Digital version of: (Early English books, 1641-1700 ; 1384:53)
|7 s1999 miun s
|
| 650 |
|
0 |
|a Devotional exercises.
|
| 700 |
1 |
2 |
|a Fuller, Thomas,
|d 1608-1661.
|t Good thoughts in worse times.
|
| 730 |
0 |
2 |
|a Good thoughts in worse times.
|
| 830 |
|
0 |
|a Early English books online.
|
| 856 |
4 |
0 |
|u http://proxy.library.tamu.edu/login?url=https://search.proquest.com/docview/2248505985
|z Connect to the full text of this electronic book
|t 0
|
| 999 |
f |
f |
|s 43e9d504-1fd3-347d-8706-839823143767
|i 40b6b837-50ab-3e4b-9af5-925c3e8093a5
|t 0
|
| 952 |
f |
f |
|a Texas A&M University
|b College Station
|c Electronic Resources
|d Available Online
|t 0
|e BV4831 .F85 1669
|h Library of Congress classification
|
| 998 |
f |
f |
|a BV4831 .F85 1669
|t 0
|l Available Online
|